00578nam a2200169Ia 4500003000900000008004100009020001800050040001600068080002200084100001700106245013200123260003600255300001400291650004700305650004100352700001500393IN-BaIIA211028s9999 xx 000 0 eng d a0-8243-1544-8 cIIA Library a(05)539.1bANN-44 aQuigg, chris 0aAnnual review of nuclear and pticle sciencebvol. 44cchris Quigg and vera Luth  aPalo AltobAnnual Reviewsc1994 axi, 730p. aAnnual Reviews-Nuclear and pticle Sciences aAstronomy and Astrophysics Thesaurus aLuth, Vera